000 01200nam a2200265 i 4500
001 bg
100 1 _aRasolomampionona, Désiré Dauphin.
245 0 _aOptymalizacja parametrów regulatorów przesuwników fazowych w liniach powiązań międzysystemowych uwzględniająca automatyczą regulację częstotliwości i mocy wymiany =
_bOptimization of parameters of TCPAR installed in tie-lines with regard to their interaction with LFC /
_cDésiré Dauphin Rasolomampionona.
260 _aWarszawa :
_bOficyna Wydawnicza Politechniki Warszawskiej,
_c2007.
300 _a262 s. :
_brys., wykr. ;
_c24 cm.
490 1 _aPrace Naukowe / Politechnika Warszawska. Elektryka,
_x0137-2319 ;
_vz. 134
500 _aTyt. nagł. serii : Prace Naukowe Politechniki Warszawskiej.
504 _aBibliogr. s. 230-236.
546 _aStreszcz. ang.
650 9 _aElektroenergetyka
_xurządzenia
650 9 _aRegulatory
830 0 _aPrace Naukowe - Politechnika Warszawska.
_pElektryka,
_x0137-2319 ;
_vz. 134
022 _a01372319
040 _cBPK
041 0 _apol
_beng
044 _aPOL
080 _a621.311.1:621.314:681.515:681.5.015.23
942 _cKS
008 s pl f |000 0 pol
999 _c55066
_d55066
856 _uhttp://koha.tu.koszalin.pl/cgi-bin/koha/opac-detail.pl?biblionumber=55066
_yKatalog online BPK